| 000 | 00562cam a22001574a 4500 | ||
|---|---|---|---|
| 999 |
_c1170 _d1170 |
||
| 020 | _a0273684264 hardback | ||
| 050 | 0 | 0 |
_aTS183 _b.O64 2006 |
| 100 | _aSlack, Nigel | ||
| 245 | 0 | 0 |
_aOperations and process management : _bprinciples and practice for strategic impact / _cNigel Slack ... [et al.]. |
| 260 |
_aHarlow, England ; _aNew York : _bPrentice Hall/Financial Times, _c2006. |
||
| 300 |
_axxiii, 531 p. : _bcol. ill. ; _c28 cm. + _e1CD-ROM (4 3/4 in.) |
||
| 650 | 0 | _aManufacturing processes. | |
| 650 | 0 | _aProcess control. | |
| 700 | 1 | _aSlack, Nigel. | |
| 942 | _cBK | ||